000 01246nam0a22002891 4500
001 rc\4621018
005 20260407000007.0
021 _aRU
_b[61-4006]
035 _a(NLR Aleph) 008399506
090 _a9227483
_c9227483
100 _a20130416d1960 |||y0rusy50 ca
101 0 _arus
102 _aRU
105 _aa b |||||
200 1 _aАдриан фан Остаде
_eВыставка произведений художника к 350-летию со дня рождения. [1610-1960]
_eКаталог-путеводитель
_fГос. Эрмитаж
210 _aЛенинград
_cИзд-во Гос. Эрмитажа
_d1960
215 _a168 с.
_cил.
_d22
300 _aПеред загл. авт.: Ю.И. Кузнецов
701 1 _7ca
_8rus
_aКузнецов
_bЮ. И.
_cискусствовед
_f1920-1984
_gЮрий Иванович
_3RU\NLR\AUTH\770281711
_92653678
702 1 _aОстаде
_bА. фан
_gАдриан фан
_4570
710 1 0 _aОстаде,
_gАдриан ван
_hВыставка произведений
_f1960
_eЛенинград
_3RU\NLR\AUTH\889989937
_9475366
801 0 _aRU
_bNLR
_gpsbo
801 1 _aRU
_bELAR
_2rusmarc
852 _aNLR
_j61-5/676
942 _cBOOK
980 _aNB